Comarques contigües (Catalunya) - Statistics

General Stats
  • This quiz has been taken 48 times
  • The average score is 18 of 20
Answer Stats
Comarca Comarques contigües % Correct
Alt Empordà Baix Empordà, Garrotxa, Gironès, Pla de l'Estany
100%
Baix Empordà Alt Empordà, Gironès, Selva
100%
Barcelonès Baix Llobregat, Maresme, Vallès Occidental, Vallès Oriental
100%
Berguedà Alt Urgell, Bages, Cerdanya, Lluçanès, Ripollès, Solsonès
100%
Cerdanya Alt Urgell, Berguedà, Ripollès
100%
Garraf Alt Penedès, Baix Llobregat, Baix Penedès
100%
Gironès Alt Empordà, Baix Empordà, Garrotxa, Pla de l'Estany, Selva
100%
Maresme Barcelonès, Selva, Vallès Oriental
100%
Moianès Bages, Lluçanès, Osona, Vallès Occidental, Vallès Oriental
100%
Montsià Baix Ebre
100%
Pallars Sobirà Alt Urgell, Alta Ribagorça, Aran, Pallars Jussà
100%
Pla de l'Estany Alt Empordà, Garrotxa, Gironès
100%
Solsonès Alt Urgell, Anoia, Bages, Berguedà, Noguera, Segarra
100%
Tarragonès Alt Camp, Baix Camp, Baix Penedès
100%
Alt Urgell Berguedà, Cerdanya, Noguera, Pallars Jussà, Pallars Sobirà, Solsonès
95%
Aran Alta Ribagorça, Pallars Sobirà
95%
Garrotxa Alt Empordà, Gironès, Osona, Pla de l'Estany, Ripollès, Selva
95%
Pallars Jussà Alt Urgell, Alta Ribagorça, Noguera, Pallars Sobirà
95%
Ribera d'Ebre Baix Camp, Baix Ebre, Garrigues, Priorat, Segrià, Terra Alta
95%
Selva Baix Empordà, Garrotxa, Gironès, Maresme, Osona, Vallès Oriental
95%
Alta Ribagorça Aran, Pallars Jussà, Pallars Sobirà
94%
Pla d'Urgell Garrigues, Noguera, Segrià, Urgell
94%
Ripollès Berguedà, Cerdanya, Garrotxa, Lluçanès, Osona
94%
Osona Garrotxa, Lluçanès, Moianès, Ripollès, Selva, Vallès Occidental
93%
Vallès Occidental Barcelonès, Maresme, Moianès, Osona, Selva, Vallès Oriental
93%
Anoia Alt Camp, Alt Penedès, Bages, Baix Llobregat, Conca de Barberà, Segarra, Solsonès
91%
Baix Ebre Baix Camp, Montsià, Ribera d'Ebre, Terra Alta
91%
Segrià Garrigues, Noguera, Pla d'Urgell, Ribera d'Ebre
91%
Bages Anoia, Baix Llobregat, Berguedà, Lluçanès, Moianès, Solsonès, Vallès Oriental
88%
Baix Camp Alt Camp, Baix Ebre, Conca de Barberà, Priorat, Ribera d'Ebre, Tarragonès
86%
Urgell Conca de Barberà, Garrigues, Noguera, Pla d'Urgell, Segarra
86%
Vallès Oriental Bages, Baix Llobregat, Barcelonès, Moianès, Vallès Occidental
84%
Noguera Alt Urgell, Pallars Jussà, Pla d'Urgell, Segarra, Segrià, Solsonès, Urgell
82%
Segarra Anoia, Conca de Barberà, Noguera, Solsonès, Urgell
82%
Baix Llobregat Alt Penedès, Anoia, Bages, Barcelonès, Garraf, Vallès Oriental
81%
Terra Alta Baix Ebre, Ribera d'Ebre
81%
Lluçanès Bages, Berguedà, Moianès, Osona, Ripollès
80%
Baix Penedès Alt Camp, Alt Penedès, Garraf, Tarragonès
79%
Conca de Barberà Alt Camp, Anoia, Baix Camp, Garrigues, Priorat, Segarra, Urgell
75%
Priorat Baix Camp, Conca de Barberà, Garrigues, Ribera d'Ebre
75%
Alt Penedès Alt Camp, Anoia, Baix Llobregat, Baix Penedès, Garraf
74%
Alt Camp Alt Penedès, Anoia, Baix Camp, Baix Penedès, Conca de Barberà, Tarragonès
70%
Garrigues Conca de Barberà, Pla d'Urgell, Priorat, Ribera d'Ebre, Segrià, Urgell
67%
No matching quizzes found
Score Distribution
Percent of People with Each Score
Percentile by Number Answered
Your Score History
You have not taken this quiz